Olivia Rodrigo - Paroles so american - Statistiques

Statistiques générales
  • Ce quiz a été pris 177 fois
  • Le résultat moyen est 286 sur 325
Statistiques - réponses
Hint Réponse % Correct
I
100%
Bridge I,
100%
a
99%
Ah
99%
so
99%
He
98%
he
98%
I'm
98%
American
97%
go
97%
And
96%
and
96%
me
96%
Oh,
96%
God,
95%
all
94%
jokes
94%
lo-
94%
lo-,
94%
my
94%
Oh,
94%
says
94%
in
93%
him
92%
If
92%
if
92%
love
92%
love?
92%
To
92%
to
92%
at
90%
feel
90%
laughs
90%
it
89%
much
89%
the
89%
The
89%
be
88%
it's
88%
just
88%
not
88%
this
88%
he's
87%
marry
87%
you
87%
make
86%
when
85%
When
85%
goes
84%
gonna
84%
wish
84%
his
83%
like
83%
poem
83%
wrote
83%
but,
82%
But
82%
pretty
82%
rude
82%
shit
82%
up
82%
with
82%
about
81%
clothes
81%
conversation
81%
fair
81%
keeps
81%
wearin'
81%
anywhere
80%
might
80%
books
79%
got
78%
too
78%
cold
77%
read
77%
side
77%
think
77%
hands
76%
hard
76%
way
76%
boring,
75%
little
75%
on
75%
really
75%
sleep
75%
Can't
74%
have
74%
right
74%
road
74%
man,
73%
of
73%
bed,
72%
Couplet 1 Drivin'
72%
that
72%
soon
70%
dress,
69%
seem
69%
apologize
67%
dashboard,
67%
ever
66%
ain't
62%
Hell
61%
Feet
59%
I'd
56%
assume
54%
wanna
54%
don't
53%
come
52%
Come
52%
stuff
47%
Outro Okay
31%
were
29%
Stop
24%
Aucun quiz correspondant
Distribution des résultats
% des personnes avec chaque résultat
Percentile par nombre de réponses
Votre historique - résultats
Vous n’avez pas pris ce quiz